| 000 | 00744cam a22002414a 4500 | ||
|---|---|---|---|
| 999 |
_c5955 _d5955 |
||
| 001 | 3740 | ||
| 003 | BD-DhUAP | ||
| 005 | 20201223100346.0 | ||
| 008 | 201223s1995 njuab b 001 0 eng | ||
| 020 | _a013556557X | ||
| 040 |
_aDLC _cDLC _dBD-DhUAP |
||
| 082 | 0 | 0 |
_a658.4012 MIN _223 |
| 100 | _aMintzberg, Henry. | ||
| 245 |
_aThe strategy process / _cHenry Mintzberg, James Brian Quinn and John Voyer. |
||
| 250 | _aCollegiate ed. | ||
| 260 |
_aEnglewood Cliffs, New Jersey : _bPrentice Hall, _cc1995. |
||
| 300 |
_axxi, 595 pages : _billustrations ; _c26 cm. |
||
| 504 | _aIncludes bibliographical references and indexes. | ||
| 650 | 0 | _aStrategic planning. | |
| 700 | _aQuinn, James Brian. | ||
| 700 | _aVoyer, John. | ||
| 942 |
_2ddc _cBK |
||